MARC

LEADER 00000nam0a2200000 4500
001 311816
005 20231102002425.0
035 |a (RuTPU)RU\TPU\book\337181 
090 |a 311816 
100 |a 20151211d1982 km y0rusy50 ca 
101 0 |a rus 
102 |a RU 
105 |a a z 001zy 
200 1 |a Как выполняются заводские подстанции  |f А. А. Ермилов 
205 |a 3-е изд., перераб. и доп. 
210 |a Москва  |c Энергоиздат  |d 1982 
215 |a 136 с.  |c ил. 
225 1 |a Библиотека электромонтера  |v Вып. 532 
320 |a Библиогр.: с. 134 
606 1 |a Электрические подстанции  |2 stltpush  |3 (RuTPU)RU\TPU\subj\27293  |9 51075 
610 1 |a трансформаторы 
610 1 |a коммутационные аппараты 
610 1 |a выключатели 
610 1 |a схемы 
610 1 |a оперативный ток 
610 1 |a схемы 
610 1 |a заземление 
675 |a 621.311.4  |v 4 
700 1 |a Ермилов  |b А. А.  |g Алексей Алексеевич 
801 1 |a RU  |b 63413507  |c 20151211 
801 2 |a RU  |b 63413507  |c 20191107  |g RCR 
942 |c BK